Advances In Environmental Pollution Management: vol 1 Waste Water Impacts and Treatment Technologies/ (Record no. 177099)
[ view plain ]
| 000 -LEADER | |
|---|---|
| fixed length control field | 00777nam a22002057a 4500 |
| 005 - DATE AND TIME OF LATEST TRANSACTION | |
| control field | 20210215110915.0 |
| 010 ## - LCCN (DPL NO) | |
| LC control number | ENG-129019 |
| 020 ## - INTERNATIONAL STANDARD BOOK NUMBER | |
| Terms of availability | 1350.00 |
| International Standard Book Number | 9788194201731 |
| 035 ## - SYSTEM CONTROL NUMBER | |
| System control number | EN-112551 |
| 037 ## - SOURCE OF ACQUISITION | |
| Source of stock number/acquisition | DBAD/PUB |
| 082 ## - DEWEY DECIMAL CLASSIFICATION NUMBER | |
| Classification number | 363.73 |
| 245 ## - TITLE STATEMENT | |
| Title | Advances In Environmental Pollution Management: vol 1 Waste Water Impacts and Treatment Technologies/ |
| Statement of responsibility, etc | Edited By Vinod Kumar, Nitin Kamboj and Temin Payum |
| Remainder of title | |
| 260 ## - PUBLICATION, DISTRIBUTION, ETC. (IMPRINT) | |
| Name of publisher, distributor, etc | Agro Environ Media |
| Date of publication, distribution, etc | 2020 |
| Place of publication, distribution, etc | Uttarakhand |
| 270 ## - ADDRESS | |
| Address | 86, Gurubaksh Vihar (East), Kankhal |
| City | Haridwar |
| Postal code | 249408 |
| Electronic mail address | agroenvironnmedia.aesa@gmail.com |
| 300 ## - PHYSICAL DESCRIPTION | |
| Extent | xii+229p. |
| Other physical details | 24cm(pbk) |
| Dimensions | Including Index. |
| 700 ## - ADDED ENTRY--PERSONAL NAME | |
| Personal name | Vinod Kumar (Ed.) |
| 700 ## - ADDED ENTRY--PERSONAL NAME | |
| Personal name | Kamboj, Nitin(Ed.) |
| 700 ## - ADDED ENTRY--PERSONAL NAME | |
| Personal name | Payum,Temin (Ed.) |
| 942 ## - ADDED ENTRY ELEMENTS (KOHA) | |
| Source of classification or shelving scheme | Dewey Decimal Classification |
| Item type | English Books |
| Classification part | 363.73 |
| Call number suffix | ADV |
| Withdrawn status | Lost status | Not for loan | Collection code | Home library | Current library | Date acquired | Source of acquisition | Cost, normal purchase price | Full call number | Barcode | Copy number | Cost, replacement price | Koha item type |
|---|---|---|---|---|---|---|---|---|---|---|---|---|---|
| Not For Loan | Non-fiction | D.B.Act.Division | D.B.Act.Division | 08/02/2021 | DBAD/PUB | 1350.00 | 363.73 ADV | EN-112551 | 1 | 1350.00 | English Books |
